Subdivisions Bordering Belarus - Statistics

General Stats
  • This quiz has been taken 15 times
  • The average score is 9 of 16
Answer Stats
Country Answer % Correct
Ukraine Kyiv
100%
Russia Bryansk
80%
Russia Smolensk
80%
Lithuania Vilnius
80%
Russia Pskov
70%
Ukraine Volyn
70%
Ukraine Rivne
60%
Ukraine Chernihiv
50%
Poland Lublin
50%
Lithuania Alytus
40%
Poland Podlaskie
40%
Lithuania Utena
40%
Ukraine Zhytomyr
40%
Latvia Augšdaugava
20%
Latvia Krāslava
20%
Latvia Ludza
10%
No matching quizzes found
Score Distribution
Percent of People with Each Score
Percentile by Number Answered
Your Score History
You have not taken this quiz